[Event "22nd Abu Dhabi Masters"]
[Site "Abu Dhabi UAE"]
[Date "2015.08.23"]
[Round "1.4"]
[White "Rapport,R"]
[Black "Kulkarni,R"]
[Result "1-0"]
[WhiteTitle "GM"]
[WhiteElo "2671"]
[BlackElo "2368"]
[WhiteFideId "738590"]
[BlackFideId "5037077"]
[EventDate "2015.08.23"]

1. Nf3 Nf6 2. g3 d5 3. Bg2 c6 4. O-O Bf5 5. c4 e6 6. cxd5 cxd5 7. Qb3 Qb6 8.
Qxb6 axb6 9. Nc3 Nc6 10. d3 Be7 11. Bf4 O-O 12. h3 h6 13. Nb5 g5 14. Bd6 Rfc8
15. Rfc1 Ne8 16. Bxe7 Nxe7 17. a3 Rxc1+ 18. Rxc1 Rc8 19. Rxc8 Nxc8 20. Ne5 Kf8
21. e4 dxe4 22. dxe4 Bh7 23. Nc4 Ke7 24. e5 Bd3 25. b3 Bxc4 26. bxc4 Kd7 27.
Bxb7 Ne7 28. Nd4 f6 29. exf6 Nxf6 30. Kf1 Ng6 31. Nf3 Kd6 32. Ke2 Kc5 33. Bc8
Kxc4 34. Bxe6+ Kc3 35. Ke3 Ne7 36. Nd4 Ned5+ 37. Bxd5 Nxd5+ 38. Ke4 Kc4 39. Ke5
h5 40. Nf5 Nc3 41. f4 gxf4 42. gxf4 b5 43. Nd6+ Kc5 44. Ne4+ Nxe4 45. Kxe4 1-0

[Event "22nd Abu Dhabi Masters"]
[Site "Abu Dhabi UAE"]
[Date "2015.08.23"]
[Round "1.6"]
[White "Sjugirov,S"]
[Black "Tissir,M"]
[Result "1-0"]
[WhiteTitle "GM"]
[BlackTitle "IM"]
[WhiteElo "2664"]
[BlackElo "2351"]
[WhiteFideId "4189302"]
[BlackFideId "9000240"]
[EventDate "2015.08.23"]

1. e4 c5 2. Nf3 d6 3. d4 cxd4 4. Nxd4 Nf6 5. Nc3 Nc6 6. Bg5 e6 7. Qd2 a6 8.
O-O-O Bd7 9. f3 Rc8 10. Kb1 b5 11. Nxc6 Bxc6 12. h4 h6 13. Be3 h5 14. Bf4 d5 15.
e5 Nd7 16. Ne2 Qc7 17. Nd4 Bb7 18. Bd3 Bc5 19. Nb3 Be7 20. Rde1 Nb6 21. Bg5 Nc4
22. Qf4 Bb4 23. Re2 Qb6 24. Qg3 a5 25. Bxc4 bxc4 26. Be3 Qa6 27. Nd4 g6 28. c3
Be7 29. Qf4 Rb8 30. Kc1 Bc8 31. Kd1 Bd7 32. Ke1 Qc8 33. Kf2 Rb7 34. Qg3 Qb8 35.
Bc1 Bc5 36. Qf4 Be7 37. Qg3 Bc5 38. Rd1 Be7 39. Kg1 Qd8 40. Bg5 Bxg5 41. hxg5
Qe7 42. Qf4 O-O 43. g4 Rfb8 44. Rdd2 hxg4 45. Rh2 1-0

[Event "22nd Abu Dhabi Masters"]
[Site "Abu Dhabi UAE"]
[Date "2015.08.23"]
[Round "1.7"]
[White "Nuber,B"]
[Black "Areshchenko,A"]
[Result "1/2-1/2"]
[WhiteTitle "FM"]
[BlackTitle "GM"]
[WhiteElo "2339"]
[BlackElo "2661"]
[WhiteFideId "24620289"]
[BlackFideId "14109530"]
[EventDate "2015.08.23"]

1. e4 c5 2. c3 d6 3. d4 Nf6 4. Bd3 g6 5. Ne2 Bg7 6. O-O O-O 7. f3 Nc6 8. Be3
cxd4 9. cxd4 Nb4 10. Nbc3 Nxd3 11. Qxd3 b6 12. Rac1 Bb7 13. Rc2 Qd7 14. Rfc1
Rfc8 15. d5 Qd8 16. Nb5 Rxc2 17. Rxc2 Nd7 18. Qa3 Rc8 19. Rxc8 Qxc8 20. Ned4 a6
21. Nc6 Bf8 22. Nba7 Qc7 23. Qc3 Nc5 24. b4 Na4 25. Qc2 b5 26. Bg5 f6 27. Be3
Nb6 28. Bxb6 Qxb6+ 29. Qf2 Qc7 30. Na5 Qc1+ 31. Qf1 Qe3+ 32. Qf2 Qc1+ 33. Qf1
Qe3+ 34. Qf2 Qc1+ 1/2-1/2

[Event "22nd Abu Dhabi Masters"]
[Site "Abu Dhabi UAE"]
[Date "2015.08.23"]
[Round "1.8"]
[White "Shankland,S"]
[Black "Kowsarinia,A"]
[Result "1-0"]
[WhiteTitle "GM"]
[BlackTitle "FM"]
[WhiteElo "2655"]
[BlackElo "2332"]
[WhiteFideId "2004887"]
[BlackFideId "12500089"]
[EventDate "2015.08.23"]

1. Nf3 Nf6 2. g3 g6 3. Bg2 Bg7 4. c4 c5 5. d4 cxd4 6. Nxd4 O-O 7. Nc3 Nc6 8. O-O
Qa5 9. Nb3 Qh5 10. c5 d6 11. e4 Qxd1 12. Rxd1 Ne8 13. Be3 Be6 14. Rac1 Rd8 15.
f4 Rc8 16. Rd2 f6 17. Nd5 Rd8 18. Kf2 Kf7 19. h3 Bc8 20. Rcd1 f5 21. Nxe7 Nxe7
22. cxd6 Nxd6 23. Rxd6 Rxd6 24. Rxd6 fxe4 25. Bxe4 b6 26. g4 Bxb2 27. Nd2 Ke8
28. Nc4 Bg7 29. Rd2 Kf7 30. Nd6+ Ke6 31. f5+ gxf5 32. gxf5+ Kd7 33. Bf4 Ba6 34.
Nb5+ Ke8 35. Nc7+ 1-0

[Event "22nd Abu Dhabi Masters"]
[Site "Abu Dhabi UAE"]
[Date "2015.08.23"]
[Round "1.9"]
[White "Oganisjn,R"]
[Black "Akopian,Vl"]
[Result "0-1"]
[WhiteTitle "FM"]
[BlackTitle "GM"]
[WhiteElo "2328"]
[BlackElo "2647"]
[WhiteFideId "4153006"]
[BlackFideId "13300032"]
[EventDate "2015.08.23"]

1. d4 Nf6 2. c4 e6 3. Nc3 Bb4 4. Nf3 b6 5. g4 Bb7 6. g5 Ne4 7. Qd3 d5 8. cxd5
exd5 9. h4 c5 10. Bd2 O-O 11. a3 Bxc3 12. Bxc3 Re8 13. b4 Ba6 14. Qc2 Nc6 15.
Bb2 Rc8 16. Qa4 Bc4 17. dxc5 bxc5 18. e3 Bxf1 19. Kxf1 d4 20. exd4 Qd5 21. Qd1
cxd4 22. Rh2 d3 23. Nd2 Nxd2+ 24. Qxd2 Ne5 25. Qf4 d2 26. Rd1 Nf3 0-1

[Event "22nd Abu Dhabi Masters"]
[Site "Abu Dhabi UAE"]
[Date "2015.08.23"]
[Round "1.10"]
[White "Jones,G"]
[Black "Soumya,Sw"]
[Result "1-0"]
[WhiteTitle "GM"]
[BlackTitle "WGM"]
[WhiteElo "2647"]
[BlackElo "2325"]
[WhiteFideId "409561"]
[BlackFideId "5016193"]
[EventDate "2015.08.23"]

1. c4 c6 2. e4 d5 3. exd5 cxd5 4. cxd5 Nf6 5. Bb5+ Nbd7 6. Nc3 a6 7. Be2 Nb6 8.
Nf3 g6 9. Ne5 Bg7 10. Bf3 Nfxd5 11. d4 O-O 12. O-O Nxc3 13. bxc3 Qc7 14. Bf4
Qxc3 15. Rc1 Qa5 16. Qc2 Nd7 17. Nc4 Qd8 18. d5 Ra7 19. d6 e5 20. Be3 Ra8 21.
Qb3 Rb8 22. Nb6 Nxb6 23. Bxb6 Qg5 24. Bc7 Ra8 25. Bxb7 Bxb7 26. Qxb7 Qf5 27. Qc6
Bh6 28. Rc5 Qe6 29. d7 Qxa2 30. Bd6 Bg5 31. Qxa8 1-0

[Event "22nd Abu Dhabi Masters"]
[Site "Abu Dhabi UAE"]
[Date "2015.08.23"]
[Round "1.11"]
[White "Asadli,Vugar"]
[Black "Kuzubov,Y"]
[Result "0-1"]
[WhiteTitle "CM"]
[BlackTitle "GM"]
[WhiteElo "2324"]
[BlackElo "2638"]
[WhiteFideId "13405764"]
[BlackFideId "14112906"]
[EventDate "2015.08.23"]

1. e4 c5 2. Nc3 Nc6 3. Nf3 g6 4. d4 cxd4 5. Nxd4 Bg7 6. Be3 Nf6 7. Bc4 O-O 8.
Bb3 e6 9. O-O d5 10. exd5 exd5 11. h3 Be6 12. Re1 Qd7 13. Nce2 Ne4 14. Nf4 Rad8
15. f3 Nc5 16. Nxc6 Qxc6 17. Bd4 Bh6 18. Nd3 b6 19. c3 a5 20. Bc2 Bc8 21. Ne5
Qc7 22. Qe2 Bg7 23. Qf2 Rfe8 24. Nd3 Bxd4 25. cxd4 Rxe1+ 26. Rxe1 Ne6 27. Bb3
Qd6 28. Ne5 f6 29. Ng4 Nf4 30. Ne3 Nd3 31. Qh4 Nxe1 0-1

[Event "22nd Abu Dhabi Masters"]
[Site "Abu Dhabi UAE"]
[Date "2015.08.23"]
[Round "1.12"]
[White "Grandelius,N"]
[Black "Mansour,Sam"]
[Result "1-0"]
[WhiteTitle "GM"]
[BlackTitle "FM"]
[WhiteElo "2628"]
[BlackElo "2292"]
[WhiteFideId "1710400"]
[BlackFideId "8100144"]
[EventDate "2015.08.23"]

1. Nf3 Nf6 2. c4 g6 3. g3 Bg7 4. Bg2 d6 5. Nc3 O-O 6. O-O c6 7. d3 d5 8. cxd5
Nxd5 9. Bd2 Nd7 10. Qc1 N7f6 11. Bh6 Qa5 12. Bxg7 Kxg7 13. Re1 Rd8 14. a3 Nc7
15. b4 Qh5 16. Qe3 Ne6 17. h3 g5 18. Ne4 Nxe4 19. dxe4 a5 20. bxa5 g4 21. hxg4
Qc5 22. Qb3 Rxa5 23. Rec1 Rb5 24. Qa2 Qb6 25. Rab1 Nd4 26. Nxd4 Qxd4 27. Rxb5
cxb5 28. Bf3 Be6 29. Qb1 Bc4 30. Kg2 e5 31. e3 Qc5 32. Qb2 Ra8 33. Rc3 Rd8 34.
Be2 Ra8 35. Qc1 Qd6 36. Bxc4 bxc4 37. Rxc4 Rxa3 38. Rc5 Ra2 39. g5 Qd3 40. Rxe5
Qe2 41. Rf5 1-0

[Event "22nd Abu Dhabi Masters"]
[Site "Abu Dhabi UAE"]
[Date "2015.08.23"]
[Round "1.14"]
[White "Petrosian,TL"]
[Black "Severina,M"]
[Result "1-0"]
[WhiteTitle "GM"]
[BlackTitle "WIM"]
[WhiteElo "2623"]
[BlackElo "2276"]
[WhiteFideId "13301616"]
[BlackFideId "4116909"]
[EventDate "2015.08.23"]

1. Nf3 Nf6 2. g3 b6 3. Bg2 Bb7 4. O-O e6 5. d3 d5 6. Nfd2 Be7 7. e4 dxe4 8. Nc3
O-O 9. a4 Qc8 10. dxe4 Nc6 11. f4 e5 12. h3 Rd8 13. Kh2 Bc5 14. Nd5 Nxd5 15.
exd5 Nb4 16. c4 c6 17. d6 Bxd6 18. Ne4 Be7 19. Qh5 exf4 20. Bxf4 f6 21. c5 bxc5
22. Rae1 Nd5 23. Bc1 Ba6 24. Rf2 Bd3 25. Nc3 Qd7 26. Nxd5 cxd5 27. Qxd5+ Qxd5
28. Bxd5+ Rxd5 29. Rxe7 a6 30. g4 Rad8 31. Be3 c4 32. Ra7 Re8 33. Bd2 h6 34. Bc3
Rd6 35. h4 Re4 36. Rg2 Rde6 37. Kg1 Kf8 38. g5 Rf4 39. gxh6 Rf1+ 40. Kh2 gxh6
41. Bb4+ 1-0

[Event "22nd Abu Dhabi Masters"]
[Site "Abu Dhabi UAE"]
[Date "2015.08.23"]
[Round "1.15"]
[White "Mahdavirad,M"]
[Black "Rakhmanov,Ale"]
[Result "0-1"]
[WhiteTitle "FM"]
[BlackTitle "GM"]
[WhiteElo "2271"]
[BlackElo "2620"]
[WhiteFideId "12502669"]
[BlackFideId "4173708"]
[EventDate "2015.08.23"]

1. d4 Nf6 2. Bg5 d6 3. Bxf6 exf6 4. e3 f5 5. Ne2 h5 6. h4 Nd7 7. Nf4 Nf6 8. Nd2
g6 9. g3 Bh6 10. Bg2 O-O 11. O-O Re8 12. Re1 c6 13. c4 a5 14. Qc2 Bd7 15. b3 Qe7
16. a3 Ne4 17. Rab1 Ra7 18. Bf3 Nf6 19. Re2 Ng4 20. Rbe1 Qf6 21. Qd3 Raa8 22.
Bg2 Qg7 23. Nb1 Re7 24. Nc3 Rae8 25. b4 axb4 26. axb4 g5 27. Nxh5 Qg6 28. hxg5
Qxh5 29. gxh6 Qxh6 30. f3 Qh2+ 31. Kf1 Nf6 32. Kf2 Nh5 33. Rh1 Qxg3+ 34. Kg1 Qg6
35. Rh2 f4 36. Qxg6+ fxg6 37. e4 Ra8 38. c5 dxc5 39. bxc5 Ra3 40. Rc2 Be6 41.
Bf1 Ng3 42. Rc1 Kg7 43. Rd2 g5 44. d5 Bd7 45. Kf2 g4 46. Bc4 gxf3 47. Kxf3 Rxe4
48. Bd3 Rd4 0-1

[Event "22nd Abu Dhabi Masters"]
[Site "Abu Dhabi UAE"]
[Date "2015.08.23"]
[Round "1.16"]
[White "Gupta,Ab"]
[Black "Fendereski,Nima"]
[Result "1-0"]
[WhiteTitle "GM"]
[WhiteElo "2619"]
[BlackElo "2268"]
[WhiteFideId "5010608"]
[BlackFideId "12533807"]
[EventDate "2015.08.23"]

1. d4 Nf6 2. c4 e6 3. Nf3 b6 4. a3 Ba6 5. Qc2 c5 6. d5 exd5 7. cxd5 d6 8. Nc3 g6
9. h4 h5 10. Bg5 Bg7 11. Nd2 Bb7 12. Nde4 Qe7 13. g3 Bc8 14. Bg2 Bf5 15. Qa4+
Bd7 16. Nxf6+ Bxf6 17. Qf4 Bxg5 18. hxg5 Qe5 19. Qxe5+ dxe5 20. Ne4 Na6 21. Nf6+
Kd8 22. Rh4 b5 23. a4 Nb4 24. Rc1 bxa4 25. Rxc5 Rb8 26. d6 Na6 27. Ra5 Bb5 28.
Bc6 Bxc6 29. Rxa6 Rb6 30. Rxb6 axb6 31. Rc4 Bb7 32. Rc7 1-0

[Event "22nd Abu Dhabi Masters"]
[Site "Abu Dhabi UAE"]
[Date "2015.08.23"]
[Round "1.17"]
[White "Heydarli,K"]
[Black "Onischuk,V"]
[Result "1/2-1/2"]
[WhiteTitle "IM"]
[BlackTitle "GM"]
[WhiteElo "2256"]
[BlackElo "2618"]
[WhiteFideId "13404423"]
[BlackFideId "14114038"]
[EventDate "2015.08.23"]

1. d4 d6 2. Nf3 g6 3. g3 Bg7 4. Bg2 Nf6 5. O-O O-O 6. b3 Nfd7 7. Bb2 e5 8. dxe5
dxe5 9. e4 a5 10. a4 Na6 11. Na3 Nac5 12. Re1 Qe7 13. Nc4 Rd8 14. Qe2 b6 15.
Rad1 Ba6 16. Bf1 Bb7 17. Nfd2 Ne6 18. Nf3 Nec5 19. Nfd2 Nb8 20. Nf3 Nc6 21. Ba3
Nb4 22. c3 Nba6 23. Qc2 Qe8 24. Nfd2 Bf8 25. Bb2 Bh6 26. Ba3 Bc6 27. f3 Rd7 28.
Bh3 Re7 29. Ne3 Bxe3+ 30. Rxe3 Rd8 31. Nc4 Rxd1+ 32. Qxd1 Bd7 33. Bf1 f6 34. Re2
Be6 1/2-1/2

[Event "22nd Abu Dhabi Masters"]
[Site "Abu Dhabi UAE"]
[Date "2015.08.23"]
[Round "1.18"]
[White "Swiercz,D"]
[Black "Antonio,V"]
[Result "1-0"]
[WhiteTitle "GM"]
[WhiteElo "2617"]
[BlackElo "2255"]
[WhiteFideId "1126881"]
[BlackFideId "5027330"]
[EventDate "2015.08.23"]

1. e4 c5 2. Nf3 d6 3. d4 cxd4 4. Qxd4 a6 5. h3 Nc6 6. Qe3 g6 7. c4 Bg7 8. Be2
Nf6 9. O-O Be6 10. Nc3 Nd7 11. Rb1 Nde5 12. b3 Nxf3+ 13. Bxf3 O-O 14. Bb2 Qa5
15. Rfd1 Rac8 16. Be2 b5 17. cxb5 axb5 18. Nxb5 Qxa2 19. Bxg7 Kxg7 20. b4 Qa8
21. h4 Ne5 22. h5 Bc4 23. h6+ Kg8 24. Nd4 Bxe2 25. Qxe2 Rc4 26. b5 Qa4 27. Qb2
f6 28. Ra1 Qb4 29. Qa2 Kh8 30. Qa7 Re8 31. Qxe7 1-0

[Event "22nd Abu Dhabi Masters"]
[Site "Abu Dhabi UAE"]
[Date "2015.08.23"]
[Round "1.19"]
[White "Saleh,Nab"]
[Black "Ghaem Maghami,E"]
[Result "0-1"]
[WhiteTitle "FM"]
[BlackTitle "GM"]
[WhiteElo "2249"]
[BlackElo "2609"]
[WhiteFideId "9300139"]
[BlackFideId "12500739"]
[EventDate "2015.08.23"]

1. d4 Nf6 2. Nf3 c5 3. c3 e6 4. Bg5 cxd4 5. cxd4 Qb6 6. Qc2 Nc6 7. Bxf6 gxf6 8.
e3 d5 9. Be2 Bd7 10. O-O Rc8 11. Nc3 Bb4 12. Rfc1 O-O 13. Bd3 Kg7 14. Qe2 Ne7
15. Nd2 Rc7 16. a3 Bxc3 17. bxc3 Rfc8 18. Rcb1 Qd6 19. c4 b6 20. Qh5 f5 21. Qe2
Bc6 22. Rb4 Bb7 23. Rab1 Ba6 24. c5 Bxd3 25. cxd6 Rc1+ 26. Qd1 Bxb1 27. Rxb1
Rxd1+ 28. Rxd1 Ng8 29. Nf3 f6 0-1

[Event "22nd Abu Dhabi Masters"]
[Site "Abu Dhabi UAE"]
[Date "2015.08.23"]
[Round "1.20"]
[White "Kovchan,A"]
[Black "Raja,H"]
[Result "1-0"]
[WhiteTitle "GM"]
[WhiteElo "2605"]
[BlackElo "2247"]
[WhiteFideId "14103052"]
[BlackFideId "5089000"]
[EventDate "2015.08.23"]

1. e4 c5 2. Nf3 d6 3. d4 cxd4 4. Nxd4 Nf6 5. Nc3 a6 6. Be2 e5 7. Nb3 Be7 8. O-O
O-O 9. Be3 Be6 10. Qd2 Nbd7 11. a4 Nb6 12. a5 Nc4 13. Bxc4 Bxc4 14. Rfd1 Rc8 15.
Nc1 d5 16. Bb6 Qe8 17. exd5 Bb4 18. d6 Qd7 19. Nd3 Bxd6 20. Nf4 exf4 21. Qxd6
Qf5 22. f3 Qxc2 23. Qxf4 Be6 24. Rd2 Qf5 25. Qxf5 Bxf5 26. Rad1 h6 27. Rd6 Rfe8
28. Bd4 Nd7 29. Nd5 Ne5 30. Ne3 Bg6 31. Bb6 Nc4 32. Nxc4 Rxc4 33. R1d2 Re1+ 34.
Kf2 Rb1 35. Rd8+ Kh7 36. Bd4 Rc7 37. Bc3 Bf5 38. Rb8 Bd7 39. g4 Bb5 40. h4 h5
41. Rd5 Rxb2+ 42. Bxb2 Rc2+ 43. Kg3 Rxb2 44. Rxh5+ Kg6 45. Rxb7 1-0

[Event "22nd Abu Dhabi Masters"]
[Site "Abu Dhabi UAE"]
[Date "2015.08.23"]
[Round "1.21"]
[White "Al Hageri,B"]
[Black "Prohaszka,P2"]
[Result "0-1"]
[WhiteTitle "CM"]
[BlackTitle "GM"]
[WhiteElo "2238"]
[BlackElo "2602"]
[WhiteFideId "10300163"]
[BlackFideId "726265"]
[EventDate "2015.08.23"]

1. e4 c6 2. d4 d5 3. Nc3 dxe4 4. Nxe4 Bf5 5. Ng3 Bg6 6. h4 h6 7. Nf3 e6 8. Ne5
Bh7 9. Bd3 Bxd3 10. Qxd3 Nd7 11. Nxd7 Qxd7 12. Bf4 Nf6 13. O-O-O Be7 14. Kb1 O-O
15. Ne2 Rad8 16. Bc1 c5 17. g4 c4 18. Qxc4 Nxg4 19. Rdg1 h5 20. f3 Nf6 21. Rg5
Ne8 22. Rxh5 Nd6 23. Qd3 Nf5 24. Rg1 g6 25. Bg5 Rfe8 26. Bxe7 Rxe7 27. c3 Qd6
28. Qe4 b5 29. Rhg5 b4 30. h5 bxc3 31. bxc3 Rb8+ 32. Ka1 Reb7 33. hxg6 f6 34.
Rh5 Rb2 35. Qd3 Qc6 36. c4 Qa4 37. Nc3 Qa3 0-1

[Event "22nd Abu Dhabi Masters"]
[Site "Abu Dhabi UAE"]
[Date "2015.08.23"]
[Round "1.22"]
[White "Papp,Ga"]
[Black "Bashirli,Nail"]
[Result "1-0"]
[WhiteTitle "GM"]
[BlackTitle "FM"]
[WhiteElo "2601"]
[BlackElo "2235"]
[WhiteFideId "718602"]
[BlackFideId "13406809"]
[EventDate "2015.08.23"]

1. e4 c5 2. c3 Nf6 3. e5 Nd5 4. Nf3 d6 5. exd6 e6 6. Na3 Bxd6 7. Nc4 Nc6 8.
Nxd6+ Qxd6 9. d4 cxd4 10. Nxd4 Qe5+ 11. Qe2 Qxe2+ 12. Nxe2 e5 13. g3 Be6 14. Bg2
O-O-O 15. Bd2 Nb6 16. b3 Rhe8 17. O-O-O Bd5 18. f3 e4 19. fxe4 Bxe4 20. Bh3+ f5
21. Rhe1 Ne5 22. Nf4 Kb8 23. Be3 Rxd1+ 24. Rxd1 g5 25. Nh5 Bf3 26. Nf6 Re6 27.
Rd8+ Kc7 28. Rf8 g4 29. Bf1 Nbd7 30. Ne8+ Kc6 31. Rg8 Nd3+ 32. Kd2 N3c5 33. Bc4
Re7 34. a4 a6 35. Ng7 Ne4+ 36. Kc2 Nd6 37. Bg5 Re1 38. Bd3 Ne5 39. Nxf5 Nxd3 40.
Nd4+ Kc7 41. Kxd3 Ne4 42. Rg7+ Kc8 43. Bf4 Nc5+ 44. Kd2 Rd1+ 45. Kc2 Ne4 46.
Nxf3 1-0

[Event "22nd Abu Dhabi Masters"]
[Site "Abu Dhabi UAE"]
[Date "2015.08.23"]
[Round "1.23"]
[White "Zozek,S"]
[Black "Kravtsiv,M"]
[Result "0-1"]
[WhiteTitle "FM"]
[BlackTitle "GM"]
[WhiteElo "2225"]
[BlackElo "2599"]
[WhiteFideId "4803361"]
[BlackFideId "14113147"]
[EventDate "2015.08.23"]

1. d4 Nf6 2. c4 e6 3. Nc3 Bb4 4. e3 O-O 5. Ne2 c6 6. a3 Ba5 7. b4 Bc7 8. e4 d5
9. e5 Nfd7 10. Nf4 a5 11. Rb1 axb4 12. axb4 Re8 13. Qg4 Nxe5 14. dxe5 Bxe5 15.
Nd1 g6 16. Be2 Bg7 17. Qg3 e5 18. Nh3 Bf5 19. Rb3 d4 20. Nb2 Nd7 21. O-O Nf6 22.
Bg5 e4 23. Rd1 d3 24. Bg4 Bxg4 25. Bxf6 Bxd1 0-1

[Event "22nd Abu Dhabi Masters"]
[Site "Abu Dhabi UAE"]
[Date "2015.08.23"]
[Round "1.24"]
[White "Sumets,A"]
[Black "Swathi,G"]
[Result "1-0"]
[WhiteTitle "GM"]
[BlackTitle "WGM"]
[WhiteElo "2596"]
[BlackElo "2214"]
[WhiteFideId "14105500"]
[BlackFideId "5003474"]
[EventDate "2015.08.23"]

1. d4 Nf6 2. c4 e6 3. g3 d5 4. Nf3 Be7 5. Bg2 O-O 6. Qc2 c6 7. O-O b6 8. Nbd2
Bb7 9. b3 Nbd7 10. Bb2 Rc8 11. e4 c5 12. exd5 exd5 13. Qf5 dxc4 14. Nxc4 b5 15.
Ne3 Be4 16. Qh3 c4 17. Rfc1 Nb6 18. Ne5 Bb4 19. bxc4 Na4 20. Bxe4 Nxe4 21. Qf5
Nd2 22. Qc2 f6 23. Nd3 Ba5 24. c5 Nxb2 25. Qxb2 Nf3+ 26. Kg2 Nxd4 27. Nf4 Qd7
28. Nfd5 Nf5 29. c6 Nxe3+ 30. Nxe3 Qd3 31. Qb3+ Qxb3 32. axb3 Bd2 33. Rc5 Bxe3
34. fxe3 Rf7 35. Kf3 Re7 36. Ra6 b4 37. Rc4 Re6 38. Rxa7 Rcxc6 39. Rxb4 Rb6 40.
Rd4 Kf8 41. Rd8+ Re8 42. Rdd7 Rxb3 43. Rf7+ Kg8 44. Rxg7+ Kh8 45. Rxh7+ Kg8 46.
Rhe7 1-0

[Event "22nd Abu Dhabi Masters"]
[Site "Abu Dhabi UAE"]
[Date "2015.08.23"]
[Round "1.26"]
[White "Salem,AR"]
[Black "Khouri,I"]
[Result "1-0"]
[WhiteTitle "GM"]
[BlackTitle "FM"]
[WhiteElo "2595"]
[BlackElo "2205"]
[WhiteFideId "9301348"]
[BlackFideId "9301526"]
[EventDate "2015.08.23"]

1. d4 Nf6 2. c4 e6 3. Nf3 b6 4. Nc3 Bb7 5. a3 d5 6. Qc2 Be7 7. cxd5 Nxd5 8. e4
Nxc3 9. bxc3 O-O 10. Bd3 Nd7 11. e5 h6 12. h4 c5 13. Bh7+ Kh8 14. Be4 Qc7 15.
Bg5 Rfe8 16. Bxe7 Rxe7 17. Bxb7 Qxb7 18. O-O Rc8 19. Qe2 Nf8 20. h5 cxd4 21.
cxd4 Rec7 22. a4 Rc2 23. Qe3 Qd5 24. Rfb1 Nd7 25. Rd1 R8c4 26. Nh2 f5 27. Nf1
R2c3 28. Qd2 Rc2 29. Qf4 Nc5 30. Ne3 Qe4 31. Qxe4 Nxe4 32. Nxc4 Rxc4 33. d5 exd5
34. Rxd5 Kg8 35. e6 Kf8 36. Rxf5+ 1-0

[Event "22nd Abu Dhabi Masters"]
[Site "Abu Dhabi UAE"]
[Date "2015.08.23"]
[Round "1.27"]
[White "Khalafova,N"]
[Black "Gabuzyan,H"]
[Result "0-1"]
[WhiteTitle "WIM"]
[BlackTitle "GM"]
[WhiteElo "2203"]
[BlackElo "2593"]
[WhiteFideId "13402625"]
[BlackFideId "13303732"]
[EventDate "2015.08.23"]

1. e4 c5 2. Nf3 d6 3. Bb5+ Bd7 4. Bxd7+ Qxd7 5. O-O Nc6 6. Re1 Nf6 7. c3 e6 8.
d4 cxd4 9. cxd4 d5 10. e5 Ne4 11. Nbd2 Nxd2 12. Bxd2 Be7 13. Rc1 O-O 14. Rc3
Rac8 15. a3 Rc7 16. Rd3 Rfc8 17. Ng5 Bxg5 18. Bxg5 Ne7 19. Bd2 Rc4 20. Bc3 h6
21. Qh5 Ng6 22. Qg4 Qd8 23. f4 h5 24. Qf3 Qh4 25. Rf1 Ne7 26. Qh3 Qxh3 27. Rxh3
Nf5 28. Rd3 f6 29. g3 g5 30. g4 hxg4 31. exf6 Kf7 32. fxg5 Rg8 33. b3 Rc6 34.
Bd2 Nh4 35. Kf2 Nf3 36. Rxf3 gxf3 37. Kxf3 Rc2 38. Bf4 Rgc8 39. h4 R8c3+ 40. Kg4
Rg2+ 41. Kh5 Rc8 42. g6+ Rxg6 43. Bg5 Rc2 44. Kg4 Rg8 45. Rf3 Rg2+ 46. Kf4 Rc8
47. Ke5 Rc6 48. Re3 Rg4 49. a4 a6 50. a5 Rc2 51. Kd6 Rxd4 52. Kd7 Re4 53. Rh3
Ree2 0-1

[Event "22nd Abu Dhabi Masters"]
[Site "Abu Dhabi UAE"]
[Date "2015.08.23"]
[Round "1.28"]
[White "Romanov,E"]
[Black "Senthil,Maran K"]
[Result "1-0"]
[WhiteTitle "GM"]
[WhiteElo "2586"]
[BlackElo "2201"]
[WhiteFideId "4148843"]
[BlackFideId "25035681"]
[EventDate "2015.08.23"]

1. d4 d5 2. Nf3 Nf6 3. c4 e6 4. Nc3 Be7 5. Bf4 O-O 6. e3 c5 7. dxc5 Bxc5 8. Be2
dxc4 9. Bxc4 a6 10. O-O b5 11. Bd3 Bb7 12. Qe2 Nc6 13. Rad1 Qb6 14. Bg5 Be7 15.
e4 e5 16. Nd5 Nxd5 17. exd5 Nd4 18. Bxh7+ Kh8 19. Rxd4 exd4 20. Bxe7 Rfe8 21.
Ng5 Rxe7 22. Qxe7 Bxd5 23. Be4 Qd8 24. Nxf7+ Bxf7 25. Qxf7 Rc8 26. Qh5+ Kg8 27.
Bd5+ 1-0

[Event "22nd Abu Dhabi Masters"]
[Site "Abu Dhabi UAE"]
[Date "2015.08.23"]
[Round "1.29"]
[White "Sindarov,Javokhir"]
[Black "Sandipan,C"]
[Result "0-1"]
[WhiteTitle "CM"]
[BlackTitle "GM"]
[WhiteElo "2198"]
[BlackElo "2585"]
[WhiteFideId "14205483"]
[BlackFideId "5004225"]
[EventDate "2015.08.23"]

1. e4 e5 2. Nf3 Nc6 3. Bc4 Bc5 4. O-O Nf6 5. d3 O-O 6. Nbd2 a6 7. h3 d6 8. a3
Ba7 9. Re1 Nh5 10. Nf1 Nf4 11. Bxf4 exf4 12. d4 Kh8 13. c3 f5 14. e5 g5 15. e6
Qf6 16. Qd2 Ne7 17. Re2 b5 18. Ba2 Bb7 19. Ne1 Rg8 20. Kh2 c5 21. Rd1 c4 22. b3
Bd5 23. bxc4 bxc4 24. Qc1 Qh6 25. Nd2 Rac8 26. Bb1 g4 27. Nf1 Rg6 28. Rb2 Bxg2
29. Nxg2 Qxh3+ 30. Kg1 Rh6 31. Ng3 f3 0-1

[Event "22nd Abu Dhabi Masters"]
[Site "Abu Dhabi UAE"]
[Date "2015.08.23"]
[Round "1.30"]
[White "Kulaots,K"]
[Black "Derakhshani,D"]
[Result "1-0"]
[WhiteTitle "GM"]
[BlackTitle "WIM"]
[WhiteElo "2573"]
[BlackElo "2192"]
[WhiteFideId "4500261"]
[BlackFideId "12500330"]
[EventDate "2015.08.23"]

1. e4 e5 2. Nf3 Nc6 3. Bb5 g6 4. d4 exd4 5. Bg5 Be7 6. Bxe7 Ngxe7 7. Nxd4 O-O 8.
Nc3 Nxd4 9. Qxd4 Nc6 10. Qe3 a6 11. Be2 d6 12. O-O-O Be6 13. f4 Qe7 14. g4 Qh4
15. Rhg1 Rfe8 16. f5 Bd7 17. Rg3 h6 18. Nd5 Rac8 19. Rh3 Qg5 20. Qxg5 hxg5 21.
Nf6+ Kg7 22. Nxd7 gxf5 23. gxf5 f6 24. e5 1-0

[Event "22nd Abu Dhabi Masters"]
[Site "Abu Dhabi UAE"]
[Date "2015.08.23"]
[Round "1.32"]
[White "Esen,B"]
[Black "Mona,K"]
[Result "1-0"]
[WhiteTitle "GM"]
[BlackTitle "WGM"]
[WhiteElo "2567"]
[BlackElo "2184"]
[WhiteFideId "6302114"]
[BlackFideId "10605908"]
[EventDate "2015.08.23"]

1. d4 Nf6 2. Bg5 Ne4 3. Bf4 d5 4. f3 Nf6 5. Nc3 e6 6. e4 dxe4 7. fxe4 Bb4 8. Qd3
c5 9. dxc5 Qa5 10. Bd6 Nxe4 11. Qxe4 Bxc3+ 12. bxc3 Qxc3+ 13. Kf2 Qxa1 14. Bb5+
Nd7 15. Nf3 Qb2 16. Nd4 Kd8 17. Qh4+ Nf6 18. Be5 1-0